Łatwy quiz wiedzy ogólnej #3 - Statystyki

Ogólne statystyki
  • Ten quiz został rozwiązany 7 730 razy
    7 602 od ostatniego zresetowania
  • Średni wynik to 15 z 20
Statystyki odpowiedzi
Pytanie Odpowiedź % Poprawnych
Jakie są dwa największe kraje na świecie pod względem powierzchni? Rosja
100%
Pod jaką nazwą H2O jest bardziej znane? Woda
98%
Wpisz w puste miejsce nazwę tego dużego miasta. {Rio} de Janeiro
97%
W jakim kraju znajduje się powyższe miasto? Brazylia
94%
Jakie są dwa największe kraje na świecie pod względem powierzchni? Kanada
92%
Jakiego przedmiotu domowego używają czarownice do latania? Miotła
90%
Jak nazywał się biały koziołek z Pacanowa? Koziołek {Matołek}
88%
W jakim filmie pojawili się Timon i Pumba? Król lew
87%
Jaki jest język urzędowy w Holandii? Niderlandzki
87%
Jakie warzywo jest duże, fioletowe i używane do robienia baba ghanoush? Bakłażan
85%
Kto był pierwszą osobą, która stanęła na Księżycu? Neil Armstrong
78%
Jakie jest najbardziej zaludnione miasto w Turcji? Stambuł
78%
Jaka firma komiksowa wprowadziła Spidermana, Kapitana Amerykę i X-Menów? Marvel
77%
Jaka postać z Gwiezdnych wojen miała zieloną skórę, niski wzrost i powiedziała "Rób albo nie rób. Prób nie ma."? Yoda
77%
Który współzałożyciel Microsoftu często znajdował się na szczycie listy najbogatszych ludzi na świecie? Bill Gates
67%
Jakie główne miasto jest obsługiwane przez lotnisko Heathrow? Londyn
65%
Jakie imię było używane przez co najmniej 18 różnych francuskich królów? Ludwik
62%
Jaka partia polityczna kontrolowała Niemcy podczas II wojny światowej? Partia nazistowska
49%
Na jakim instrumencie muzycznym grali Miles Davis i Dizzy Gillespie? Trąbka
39%
Kto "unosił się jak motyl i żądlił jak pszczoła"? Muhammad Ali
11%
Nie znaleziono quizów pasujących do podanych kryteriów
Rozkład punktacji
Procent ludzi z każdym wynikiem
Percentyl według liczby udzielonych odpowiedzi
Twoja historia wyników
Nie rozwiązałeś tego quizu od ostatniego zresetowania